000 00846nam a22002055i 4500
001 161360
003 ES-MaACL
005 20250929063233.0
008 981002s1887 sp |||| | spa d
040 _aCLM
_bspa
_cCCPB | 3D
100 0 _aParada y Santín, José,
_d1857-1923
_988911
245 1 0 _aVulgaridades sobre la higiene de las flores
_b: conferencia para señoras /
_cpor José Parada y Santín.
260 _aMadrid :
_bSociedad Española de Higiene,
_c1887 (
_fR. Velasco, imp.)
300 _a24 p. ;
_c18 cm.
490 1 _aPublicaciones de la Sociedad Española de Higiene
650 4 _aFloricultura.
_912912
830 0 _aPublicaciones de la Sociedad Española de Higiene
_9182452
852 _aES-MaACL
_jT-481-F-5
_z-- Enc. hol.
_q-- Falto de la cub. original
_z-- Enc. en un vol. facticio
999 _c161360
_d161360